Premi Joan Santamaría (Record no. 108059)

MARC details
000 -LEADER
campo de control de longitud fija 01086nam a2200325 i 4500
001 - NÚMERO DE CONTROL
campo de control 108059
003 - IDENTIFICADOR DE NÚMERO DE CONTROL
campo de control ES-MaACL
005 - FECHA Y HORA DE LA ÚLTIMA TRANSACCIÓN
campo de control 20250824014806.0
007 - CAMPO FIJO DE DESCRIPCIÓN FÍSICA--INFORMACIÓN GENERAL
campo de control de longitud fija t|
008 - DATOS DE LONGITUD FIJA--INFORMACIÓN GENERAL
campo de control de longitud fija 070115s1958 sp ||||1| cat d
080 ## - NÚMERO DE LA CLASIFICACIÓN DECIMAL UNIVERSAL
Número de la Clasificación Decimal Universal 849.9-2"19"(082)
080 ## - NÚMERO DE LA CLASIFICACIÓN DECIMAL UNIVERSAL
Número de la Clasificación Decimal Universal 849.9-2"19"
245 00 - MENCIÓN DEL TÍTULO
Título Premi Joan Santamaría
Resto del título : 1957.
260 ## - PUBLICACIÓN, DISTRIBUCIÓN, ETC.
Lugar de publicación, distribución, etc. Barcelona :
Nombre del editor, distribuidor, etc. Nereida,
Fecha de publicación, distribución, etc. 1958.
300 ## - DESCRIPCIÓN FÍSICA
Extensión 107 p. ;
Dimensiones 17 cm.
490 1# - MENCIÓN DE SERIE
Mención de serie Biblioteca Gresol ;
Designación de volumen o secuencia 29
505 8# - NOTA DE CONTENIDO CON FORMATO
Nota de contenido con formato Contenido: Cruma/ Manuel de Pedrolo. Parasceve/ Blai Bonet. Una Crosta/ Ramón Folch i Camarasa. L'inconvenient de dir-se Martines/ Rosa María Arquimbau
650 17 - PUNTO DE ACCESO ADICIONAL DE MATERIA--TÉRMINO DE MATERIA
Término de materia o nombre geográfico como elemento de entrada Teatro catalán
Fuente del encabezamiento o término embne
9 (RLIN) 17332
700 1# - ENTRADA AGREGADA--NOMBRE PERSONAL
Nombre de persona Pedrolo, Manuel de,
Fechas asociadas al nombre 1918-1991
9 (RLIN) 89937
700 1# - ENTRADA AGREGADA--NOMBRE PERSONAL
Nombre de persona Bonet, Blai.
9 (RLIN) 30112
700 1# - ENTRADA AGREGADA--NOMBRE PERSONAL
Nombre de persona Folch i Camarasa, Ramon,
Fechas asociadas al nombre 1926-
9 (RLIN) 51450
700 1# - ENTRADA AGREGADA--NOMBRE PERSONAL
Nombre de persona Arquimbau, Rosa María.
9 (RLIN) 23200
740 0# - ENTRADA AGREGADA--TÍTULO RELACIONADO/ANALÍTICO NO CONTROLADO
Título relacionado o analítico no controlado Cruma.
740 0# - ENTRADA AGREGADA--TÍTULO RELACIONADO/ANALÍTICO NO CONTROLADO
Título relacionado o analítico no controlado Parasvece.
740 0# - ENTRADA AGREGADA--TÍTULO RELACIONADO/ANALÍTICO NO CONTROLADO
Título relacionado o analítico no controlado Una Crosta.
740 2# - ENTRADA AGREGADA--TÍTULO RELACIONADO/ANALÍTICO NO CONTROLADO
Título relacionado o analítico no controlado L'inconvenient de dir-se Martines.
830 0# - PUNTO DE ACCESO ADICIONAL DE SERIE-TÍTULO UNIFORME
Título uniforme Biblioteca Gresol ;
Designación de volumen o secuencia 29
9 (RLIN) 185526
852 ## - LOCALIZACIÓN
Ubicación ES-MaACL
Número de control de estantería E-5160
Holdings
Estatus retirado Estado de pérdida Estado de daño No para préstamo Biblioteca de origen Biblioteca actual Ubicación en estantería Fecha de adquisición Fuente de adquisición Total de préstamos Signatura topográfica completa Código de barras Visto por última vez Precio de reemplazo Tipo de ítem Koha
        Biblioteca del Ateneo de Madrid Biblioteca del Ateneo de Madrid Depósito 2 17/01/2008     E-5160 1112764 23/02/2023 23/02/2023 Libro impreso